| 000 | 00667nam a2200193Ia 4500 | ||
|---|---|---|---|
| 003 | LDD | ||
| 008 | 190117s9999 xx 000 0 und d | ||
| 020 |
_a9788193034866 _c₹185 |
||
| 040 | _cLDD | ||
| 041 | _ahi | ||
| 082 | _a8H3.7 या79203स | ||
| 100 | _aयात्री, से.रा. | ||
| 245 | 0 |
_aसमीप और समीप _cसे.रा. यात्री |
|
| 260 |
_aनई दिल्ली _bकिताबवाले _c2015 |
||
| 300 | _a120p. | ||
| 901 | _aAAKAR | ||
| 904 | _aReqst by : जितेन्द्र कुमार श्रीवास | ||
| 942 |
_2ddc _cH |
||
| 999 |
_c167665 _d167665 |
||